| 000 | 00840nas a2200277 4500 | ||
|---|---|---|---|
| 001 | BR7903287 | ||
| 003 | BR-BrBNA | ||
| 005 | 20231205083741.0 | ||
| 007 | ta | ||
| 008 | 230509b bl.|||p| |||| 00| 00por d | ||
| 040 |
_aBR-BrBNA _bpor _cBiblioteca Nacional de Agricultura |
||
| 041 | _a(Pt) | ||
| 072 | _aM10 | ||
| 100 | 1 | _aFavaretto, A.L.V. | |
| 100 | 1 | _aPetenusci, S.O. | |
| 100 | 1 | _aLopes, R.A. | |
| 245 | 1 | _aEstudo da glicemia anual de PLECOSTOMUS REGANI (Pisces, Loricaiidae)[cascudo; Peixe de agua doce; Brasil] | |
| 650 | _aProducao pesqueira | ||
| 650 | _aPeixe de agua doce | ||
| 650 | _aCascudo | ||
| 650 | _aDesova | ||
| 650 | _aGlicose | ||
| 773 | 0 |
_tCiencia e Cultura (Brazil) _xISSN 0009-6725 _g(Oct 1978), v. 30(10) p. 1230-1232 _wBR7903287 |
|
| 909 |
_a202311 _bLúcia _c55 _dLúcia Elande |
||
| 942 |
_2AGRIS _n0 _cANA |
||
| 999 |
_c100947 _d100947 |
||